000 00446nam a22001697a 4500
005 20260105154710.0
008 260105b |||||||| |||| 00| 0 eng d
020 _a978-93-89211-88-7
100 _aBHAT, SWARNA REKHA
245 _aACHAR'S TEXTBOOK OF PEDIATRICS
250 _a5TH ED
260 _aTELANGANA, INDIA
_bUNIVERSITIES PRESS
_c2022
300 _aXXV, 846P.
500 _aINCLUDES INDEX
650 _aPEDIATRICS
942 _2lcc
_cBK
999 _c216401
_d216401